Pavimentos de adoquines: manual de diseño y construcción
Guardat en:
| Autor corporatiu: | |
|---|---|
| Format: | Llibre |
| Idioma: | espanyol |
| Publicat: |
Santiago
Instituto Chileno del Cemento y del Hormigón
1991
|
| Col·lecció: | Manuales
|
| Matèries: | |
| Etiquetes: |
Afegir etiqueta
Sense etiquetes, Sigues el primer a etiquetar aquest registre!
|
MARC
| LEADER | 00000nam a2200000 a 4500 | ||
|---|---|---|---|
| 001 | UCI5165 | ||
| 003 | CL-VaPUC | ||
| 008 | 080314e19910000CL |||||||||||||||||spa|d | ||
| 082 | 0 | 4 | |a 625.84 |b INS |2 21 |
| 110 | 2 | |a Instituto del Cemento y del Hormigón de Chile |e author |9 527286 | |
| 245 | 1 | 0 | |a Pavimentos de adoquines: manual de diseño y construcción |
| 300 | |a 78 p | ||
| 942 | |c BK | ||
| 945 | |d 20080314 00:00:00 |a jtorresc | ||
| 260 | |a Santiago |b Instituto Chileno del Cemento y del Hormigón |c 1991 | ||
| 650 | 0 | |a Pavimentos |9 258061 | |
| 650 | 0 | |a Adoquines |9 364366 | |
| 650 | 0 | |a Materiales de construcción |9 260197 | |
| 583 | |a last modification |c 20160920 05:19:37 |k Rodrigo Vera | ||
| 490 | 0 | |a Manuales | |
| 999 | |c 328928 |d 328926 | ||